Wings of fire: (Record no. 189827)
[ view plain ]
| 000 -LEADER | |
|---|---|
| fixed length control field | 00868nam a22002417a 4500 |
| 005 - DATE AND TIME OF LATEST TRANSACTION | |
| control field | 20220713145635.0 |
| 010 ## - LCCN (DPL NO) | |
| LC control number | ENG-133525 1819CHEN B-718965-985 |
| 020 ## - INTERNATIONAL STANDARD BOOK NUMBER | |
| International Standard Book Number | 9789352750856 |
| Terms of availability | 395.00 |
| 035 ## - SYSTEM CONTROL NUMBER | |
| System control number | B-718965-985 |
| 035 ## - SYSTEM CONTROL NUMBER | |
| System control number | EN-117057 |
| 035 ## - SYSTEM CONTROL NUMBER | |
| System control number | B-728543 |
| 037 ## - SOURCE OF ACQUISITION | |
| Source of stock number/acquisition | Bharatiya Sahitya Bhavana |
| 037 ## - SOURCE OF ACQUISITION | |
| Source of stock number/acquisition | DBAD/PUB |
| 082 ## - DEWEY DECIMAL CLASSIFICATION NUMBER | |
| Classification number | N |
| 100 ## - MAIN ENTRY--PERSONAL NAME | |
| Personal name | Sutherland, Tui T. |
| 245 ## - TITLE STATEMENT | |
| Title | Wings of fire: |
| Remainder of title | the dangerous gift/ |
| Statement of responsibility, etc | by Tui T. Sutherland |
| 260 ## - PUBLICATION, DISTRIBUTION, ETC. (IMPRINT) | |
| Place of publication, distribution, etc | New York |
| Name of publisher, distributor, etc | Scholastic |
| Date of publication, distribution, etc | 2021 |
| 270 ## - ADDRESS | |
| Address | 557 Broadway, |
| City | New York |
| Postal code | 10012 |
| 300 ## - PHYSICAL DESCRIPTION | |
| Extent | 316p. |
| Dimensions | 20cm(pbk) |
| 942 ## - ADDED ENTRY ELEMENTS (KOHA) | |
| Source of classification or shelving scheme | Dewey Decimal Classification |
| Item type | English Books |
| Call number suffix | SUT |
| Classification part | N |
| Withdrawn status | Lost status | Not for loan | Collection code | Home library | Current library | Date acquired | Source of acquisition | Cost, normal purchase price | Full call number | Barcode | Copy number | Cost, replacement price | Koha item type |
|---|---|---|---|---|---|---|---|---|---|---|---|---|---|
| Fiction | Bawana | Bawana | 13/07/2022 | DBAD/PUB | 395.00 | N SUT | EN-117057 | 1 | 395.00 | English Books |
